| 000 | 00578nam a22002171 4500 | ||
|---|---|---|---|
| 001 | bimo0001175935 | ||
| 003 | OSt | ||
| 005 | 20140731213003.0 | ||
| 008 | 930725s1973 sp spa | ||
| 020 | _a84-239-1000-8 | ||
| 040 |
_aSpMaBN _bspa _cBMC |
||
| 082 | _2920 El Cid Campeador | ||
| 100 |
_95 _aMenéndez Pidal, Ramón _d1869-1968 |
||
| 245 | 1 | 3 |
_aEl Cid Campeador _cRamón Menéndez Pidal |
| 250 | _a7ª ed | ||
| 260 | 0 |
_aMadrid _bEspasa-Calpe _c1973 |
|
| 300 |
_a246 p. _c18 cm |
||
| 490 | 0 |
_aAustral _v1000 |
|
| 600 |
_aEl Cid _9605 _xBiografías |
||
| 942 |
_2ddc _cBK |
||
| 999 |
_c751 _d751 |
||